000 00561nam a2200241Ia 4500
005 20260306150245.0
008 008 260114s9999 xx 000 0 eng d
020 _a9781438432434
037 _aEbook
040 _aCRL
040 _beng
040 _cCRL
041 _2eng
041 _aeng
084 _qCRL
245 0 _aHegel and Shakespeare on Moral Imagination
260 _bSUNY Press
260 _c2010
650 _aPhilosophy
856 _uhttps://www.degruyter.com/isbn/9781438432434
942 _cEBOOK
999 _c1695147
_d1695147